书目信息 |
| 题名: |
室内形态与软装设计
|
|
| 作者: | 兰和平 著 | |
| 分册: | ||
| 出版信息: | 北京 中国纺织出版社 2017.9 |
|
| 页数: | 253页 | |
| 开本: | 24cm | |
| 丛书名: | ||
| 单 册: | ||
| 中图分类: | TU238.2 | |
| 科图分类: | ||
| 主题词: | 室内装饰设计 | |
| 电子资源: | ||
| ISBN: | 978-7-5180-3391-1 | |
| 000 | 00891nam0 2200229 450 | |
| 001 | 0400003815 | |
| 005 | 20171022145141.0 | |
| 010 | @a978-7-5180-3391-1@dCNY62.00 | |
| 100 | @a20170802d2017 em y0chiy50 ea | |
| 101 | 0 | @achi |
| 102 | @aCN@b110000 | |
| 105 | @aa z 000yy | |
| 106 | @ar | |
| 200 | 1 | @a室内形态与软装设计@9shi nei xing tai yu ruan zhuang she ji@f兰和平著 |
| 210 | @a北京@c中国纺织出版社@d2017.9 | |
| 215 | @a253页@c照片@d24cm | |
| 330 | @a本书从室内形态的各个要素,室内空间的类型、分隔,室内空间形态的表现与设计以及空间的细部设计,室内软装的内涵、软装与硬装的比较,室内软装的分类与流程以及室内软装的历史与未来发展,室内软装设计的各种风格与构图手法,室内软装中的具体设计等方面对室内软装进行了全面研究。 | |
| 606 | 0 | @a室内装饰设计 |
| 690 | @aTU238.2@v5 | |
| 701 | 0 | @a兰和平@9lan he ping@4著 |
| 801 | 0 | @aCN@b91MARC@c20171022 |
| 905 | @b1034386-90@dTU238.2@f5@e1201 | |
| 室内形态与软装设计/兰和平著.-北京:中国纺织出版社,2017.9 |
| 253页:照片;24cm |
| ISBN 978-7-5180-3391-1:CNY62.00 |
| 本书从室内形态的各个要素,室内空间的类型、分隔,室内空间形态的表现与设计以及空间的细部设计,室内软装的内涵、软装与硬装的比较,室内软装的分类与流程以及室内软装的历史与未来发展,室内软装设计的各种风格与构图手法,室内软装中的具体设计等方面对室内软装进行了全面研究。 |
| ● |
| 相关链接 |
|
|
|
|
正题名:室内形态与软装设计
索取号:TU238.2/1201
 
预约/预借
| 序号 | 登录号 | 条形码 | 馆藏地/架位号 | 状态 | 备注 |
| 1 | 1034386 | 210343868 | 第二样本阅览室/ [索取号:TU238.2/1201] | 在馆 | |
| 2 | 1034387 | 210343877 | 第三借阅区/ [索取号:TU238.2/1201] | 在馆 | |
| 3 | 1034388 | 210343886 | 密集书库-生命科学系/ [索取号:TU238.2/1201] | 在馆 | |
| 4 | 1034389 | 210343895 | 第三借阅区/ [索取号:TU238.2/1201] | 在馆 | |
| 5 | 1034390 | 210343902 | 第三借阅区/ [索取号:TU238.2/1201] | 在馆 |